Philosophy made simple / (Record no. 1614)

000 -LEADER
fixed length control field 01068cam a2200301 a 4500
001 - CONTROL NUMBER
control field 2978604
003 - CONTROL NUMBER IDENTIFIER
control field OSt
005 - DATE AND TIME OF LATEST TRANSACTION
control field 20150416153606.0
008 - FIXED-LENGTH DATA ELEMENTS--GENERAL INFORMATION
fixed length control field 920930s1993 nyu b 001 0 eng
010 ## - LIBRARY OF CONGRESS CONTROL NUMBER
LC control number 92034537
020 ## - INTERNATIONAL STANDARD BOOK NUMBER
International Standard Book Number 0385425333 :
Terms of availability $12.00 (Canada $14.95)
040 ## - CATALOGING SOURCE
Original cataloging agency DLC
Transcribing agency DLC
Modifying agency DLC
050 00 - LIBRARY OF CONGRESS CALL NUMBER
Classification number BD21.P6 1993
082 00 - DEWEY DECIMAL CLASSIFICATION NUMBER
Classification number 100
Edition number 20
100 1# - MAIN ENTRY--PERSONAL NAME
Personal name Popkin, Richard H.
Fuller form of name (Richard Henry),
Dates associated with a name 1923-2005.
245 10 - TITLE STATEMENT
Title Philosophy made simple /
Statement of responsibility, etc Richard H. Popkin and Avrum Stroll.
250 ## - EDITION STATEMENT
Edition statement 2nd rev. ed.
260 ## - PUBLICATION, DISTRIBUTION, ETC. (IMPRINT)
Place of publication, distribution, etc New York :
Name of publisher, distributor, etc Doubleday,
Date of publication, distribution, etc 1993
300 ## - PHYSICAL DESCRIPTION
Extent xv, 332 p. ;
Dimensions 26 cm.
500 ## - GENERAL NOTE
General note "A Made Simple book."
504 ## - BIBLIOGRAPHY, ETC. NOTE
Bibliography, etc Includes bibliographical references and index.
650 #0 - SUBJECT ADDED ENTRY--TOPICAL TERM
Topical term or geographic name as entry element Philosophy
Form subdivision Introductions.
700 1# - ADDED ENTRY--PERSONAL NAME
Personal name Stroll, Avrum,
Dates associated with a name 1921-
856 42 - ELECTRONIC LOCATION AND ACCESS
Materials specified Publisher description
Uniform Resource Identifier <a href="http://www.loc.gov/catdir/description/random046/92034537.html">http://www.loc.gov/catdir/description/random046/92034537.html</a>
906 ## - LOCAL DATA ELEMENT F, LDF (RLIN)
a 7
b cbc
c orignew
d 1
e ocip
f 19
g y-gencatlg
942 ## - ADDED ENTRY ELEMENTS (KOHA)
Source of classification or shelving scheme
Koha item type Book
Holdings
Withdrawn status Lost status Source of classification or shelving scheme Damaged status Not for loan Home library Current library Shelving location Date acquired Total Checkouts Full call number Barcode Date last seen Date checked out Copy number Price effective from Koha item type Total Renewals
          Riara University Library Riara University Library General stack 16/04/2015 1 BD21.P6 1993 5539/15 10/08/2015 07/08/2015 c.1 16/04/2015 Book  
          Riara University Library Riara University Library General stack 16/04/2015 2 BD21.P6 1993 5538/15 19/08/2019 01/07/2019 c.2 16/04/2015 Book 1
          Riara University Library Riara University Library General stack 16/04/2015 4 BD21.P6 1993 5582/15 08/12/2017 17/11/2017 C.3 16/04/2015 Book 1

Riara University Library,
P.O. Box 49940-00100,
Nairobi, Kenya.